00333 2200133 4500001002100000005001500021035002000036245006200056260003500118082000800153084001200161990001300173990001300186INLIS00000000000256620250605113631 a0010-0625000152 aPedoman Umum EYD /cPanitia Pengembangan Bahasa Indonesia aKlaten :bIntan Prawira,c2003 a400 a400 PED a04201032 a04201033